000 00501nam a2200145 a 4500
001 000035961
005 20200930074745.0
008 111121s1987 dr a 000 0 spa d
040 _aDO-SdBNP
_bspa
_cBNPHU
082 _axxx
_bC468m
100 1 _aChapuseaux, Manuel
_961984
245 1 0 _aManual del teatrero :
_bGuía de trabajo para grupos aficionados de teatro popular /
_cManuel Chapuseaux.
260 _aSanto Domingo :
_bCentro de Promoción de la Cultura,
_c1987.
300 _a174 p. :
_bil. ;
_c21 cm.
999 _c35452
_d35452